000
00332nam a2200145Ia 4500
008
230718s9999 xx 000 0 und d
041
_a
Eng.
082
_a
920
_b
LAH-D
100
_a
Lahore High Court
245
0
_a
Directory, High Ceil
260
_a
Pakistan
_b
Lew book houg
_c
2006
300
_a
333
650
_a
Law
999
_c
26761
_d
26761